| 000 | 01473cam a22004575a 4500 | ||
|---|---|---|---|
| 001 | L144277 | ||
| 008 | 080708e20080704xxkado f 000 0 eng d | ||
| 035 | _a(Sirsi) u144277 | ||
| 041 | 0 | _aeng | |
| 100 | 1 | _aBill, Tom | |
| 245 | 0 | 0 |
_aBuilding _bthe China issue |
| 260 |
_aLondon _bCMPI _c2008 |
||
| 300 |
_a110p. _bill. _c30cm. |
||
| 490 | 0 |
_aBuilding _v4 July 2008 |
|
| 520 | _aSpecial issue of this journal, focusing on construction and development in China. Includes features on British firms helping to rebuild earthquake affected areas of Sichuan; the explosion in construction brought about by the forthcoming Olympic Games and various articles on large-scale construction and infrastructure projects. | ||
| 521 | _aAdvanced | ||
| 590 | _aKA | ||
| 651 | 4 |
_aUnited Kingdom _y |
|
| 651 | 4 | _aChina | |
| 690 | _aBUILT ENVIRONMENT-CONSTRUCTION DESIGN-ARCHITECTURAL DESIGN | ||
| 700 | 1 | _aMacdonald, Stuart | |
| 700 | 1 | _aStewart, Dan | |
| 700 | 1 | _aRichardson, Sarah | |
| 700 | 1 | _aBoyd, Olivia | |
| 700 | 1 | _aKelly, Richard | |
| 700 | 1 | _aGardiner, Joey | |
| 700 | 1 | _aSpring, Martin | |
| 700 | 1 | _aPrescott, John | |
| 700 | 1 | _aShirong, Li | |
| 700 | 1 | _aLai, Pak Hung | |
| 700 | 1 | _aWhitby, Mark | |
| 700 | 1 | _aWatts, Graham | |
| 700 | 1 | _aMadine, Victoria | |
| 700 | 1 | _aBingham, Tony | |
| 700 | 1 | _aHughes, Adrian | |
| 700 | 1 | _aPoon, Kenneth | |
| 700 | 1 | _aRaeside, Mark | |
| 700 | 1 | _aWard, John | |
| 700 | 1 | _aBaxter, Simon | |
| 942 | _n0 | ||
| 999 |
_c108434 _d108434 |
||